000 00693nam a2200217Ia 4500
001 7105
003 GE_BSU
008 181216s||||||||xx |||||||||||||| ||und||
040 _cGE_BSU
100 _aБогородицкий,М.П. Пасынков,В.В. Тареев,Б.М.
245 _aЭлектро-технические материалы.
245 _cРед. Ю.В.Долгополова.
250 _aИзд. шестое, переработанное.
260 _aЛ.
260 _bЭнергия.
260 _c1977.
300 _a352 стр.с илл.21см.
300 _eтабл.
653 _aЭлектро-технические материалы.
942 _cBK
999 _c40494
_d40494